00288nam a22000857a 4500008004100000022001400041040005500055245004600110260004600156240723b |||||||| |||| 00| 0 eng d a0301-4150 aNational Science LibrarycNational Science Library aAsian geotechnical engineering abstracts  aBangkok: bAsian Institute of Technology